000 00702nam a2200277Ia 4500
005 20260324145736.0
008 008 260324s9999 xx 000 0 eng d
020 _a9780203860991
037 _aEBOOK
040 _aCRL
040 _beng
040 _cCRL
041 _2eng
041 _aeng
084 _qCRL
100 _aJohn Wilson
_9397033
245 0 _aPreface to the philosophy of education (International Library of the Philosophy of Education Volume 24)
260 _bTaylor and Francis
260 _c1979
365 _a
365 _b240
856 _uhttp://www.taylorfrancis.com/books/9780203860991
942 _cEBOOK
999 _c1832354
_d1832354